000 00620cam a2200205 4500500
005 20260405002458.0
041 _afre
042 _adc
100 1 0 _aDuru, Martin
_eauthor
245 0 0 _aAlexis Lavis: “Pour le taoïsme, l’enfance est un but à atteindre”
260 _c2017.
500 _a15
690 _aAlexis Lavis
690 _aEnfance
690 _aOrient
690 _aTao
690 _aTaoïsme
786 0 _nPhilosophie magazine | 110 | 6 | 2017-06-01 | p. 20-20 | 1951-1787
856 4 1 _uhttps://shs.cairn.info/magazine-philosophie-magazine-2017-6-page-20?lang=fr&redirect-ssocas=7080
999 _c2058058
_d2058058